| Tag |
First Indicator |
Second Indicator |
Subfields |
| LEADER |
00000cam a2200000 4500 |
| 001 |
in00000034682 |
| 005 |
20200725063027.0 |
| 008 |
800415s1961 miu b 00000 eng |
| 010 |
|
|
|a 62002237
|
| 035 |
|
|
|a (OCoLC)06205528
|
| 035 |
|
|
|9 AAD3694AM
|
| 040 |
|
|
|a DLC
|c LDL
|d TXA
|d UtOrBLW
|
| 049 |
|
|
|a TXAM
|c [357166]
|
| 050 |
0 |
0 |
|a ML128.M8
|b N5
|
| 092 |
|
|
|a 781.7
|b A1N475r
|
| 100 |
1 |
|
|a Nettl, Bruno,
|d 1930-2020.
|
| 245 |
1 |
0 |
|a Reference materials in ethnomusicology ;
|b a bibliographic essay on primitive, oriental, and folk music.
|
| 264 |
|
1 |
|a [Detroit] :
|b [Information Service],
|c [1961]
|
| 300 |
|
|
|a 46 pages ;
|c 23 cm.
|
| 336 |
|
|
|a text
|b txt
|2 rdacontent
|
| 337 |
|
|
|a unmediated
|b n
|2 rdamedia
|
| 338 |
|
|
|a volume
|b nc
|2 rdacarrier
|
| 490 |
0 |
|
|a Detroit studies in music bibliography, no. 1
|
| 650 |
|
0 |
|a Ethnomusicology
|x Bibliography.
|
| 999 |
|
|
|a MARS
|
| 999 |
f |
f |
|s 9461d81b-765d-3b6e-a6ab-9eb116d92a03
|i 62412e48-c74d-3f57-af9c-8c6245173a14
|t 0
|
| 952 |
f |
f |
|p ric
|a Texas A&M University
|b Rellis Campus
|c Joint Library Facility
|d Remote Storage
|t 0
|e ML128.M8 N5
|h Library of Congress classification
|i unmediated -- volume
|m A14833389147
|
| 998 |
f |
f |
|a ML128.M8 N5
|t 0
|l Remote Storage
|